| 000 | 00834cab a2200229 4500 | ||
|---|---|---|---|
| 001 | ABS43652 | ||
| 008 | 090401t1990 xxu||||| |||| 00| 0 eng d | ||
| 035 | _a(Sirsi) u42775 | ||
| 041 | _aeng | ||
| 100 | _aHarrison, J. | ||
| 245 | _aLeisure facilities in shopping centres | ||
| 260 | _c1990 | ||
| 350 | _a0 | ||
| 490 |
_aShopping Centre Horizons _v(20) Autumn 1990, 13-20 (8) |
||
| 520 | _aExtracts from the RICS Estate Management Dissertation award on leisure facilities in regional shopping centres . Considers spin off leisure facilities which can bring in retail turnover and looks at planning and management schemes. Full report available for loan. | ||
| 650 | _aFOOD COURTS | ||
| 650 | _aPLANNING GAIN | ||
| 650 | _aSHOPPING CENTRES | ||
| 690 | _aPROPERTY-COMMERCIAL PROPERTY | ||
| 942 | _n0 | ||
| 948 | _c04/03/1997 | ||
| 999 |
_c27366 _d27366 |
||